Southville International School and Colleges
Your cart is empty.
  • Cart
  • Lists
    Public lists Eva Luna New books Lux_list list_1
    Your lists Log in to create your own lists
  • Log in to your account
  • Your cookies
  • Search history
Southville International School and Colleges
  • Advanced search
  • Recent comments
  • Most popular
  • Libraries

Log in to your account

Log in with GOOGLE


If you do not have an external account, but do have a local account, you can still log in:

  1. Home
  2. MARC view: Sea castle /
Normal view MARC view ISBD view

Sea castle / (Record no. 102822)

[ view plain ]
MARC details
000 -LEADER
fixed length control field 00494nam a2200169 a 4500
005 - DATE AND TIME OF LATEST TRANSACTION
control field 20140412111243.0
008 - FIXED-LENGTH DATA ELEMENTS--GENERAL INFORMATION
fixed length control field 010329s19uu xx 00 eng d
020 ## - INTERNATIONAL STANDARD BOOK NUMBER
International Standard Book Number 0-8332-2534-0
050 ## - LIBRARY OF CONGRESS CALL NUMBER
Classification number TR(GS 428.6
Item number MAT 1986
100 ## - MAIN ENTRY--PERSONAL NAME
Personal name Matteoni, Louise
245 ## - TITLE STATEMENT
Title Sea castle /
Statement of responsibility, etc Louise Matteoni ; Floyd Sucher ; Marvin Klein ; Karen Welch.
260 ## - PUBLICATION, DISTRIBUTION, ETC. (IMPRINT)
Place of publication, distribution, etc Oklahoma :
Name of publisher, distributor, etc The Economy Company,
Date of publication, distribution, etc 1986.
300 ## - PHYSICAL DESCRIPTION
Extent 80 p.
440 ## - SERIES STATEMENT/ADDED ENTRY--TITLE
Title Economy Reading Series
650 ## - SUBJECT ADDED ENTRY--TOPICAL TERM
Topical term or geographic name as entry element Reading
Holdings
Withdrawn status Lost status Damaged status Home library Current library Shelving location Date acquired Source of acquisition Total Checkouts Full call number Barcode Date last seen Price effective from Koha item type
      Elizalde Library Elizalde Library Teachers Reference Section 03/29/2001     TR(GS 428.6 MAT 1986 E2839 04/12/2014 04/12/2014 Books

Sea castle /

APA

Matteoni L., . (1986). Sea castle. Oklahoma: The Economy Company.

Chicago

Matteoni Louise, . 1986. Sea castle. Oklahoma: The Economy Company.

Harvard

Matteoni L., . (1986). Sea castle. Oklahoma: The Economy Company.

MLA

Matteoni Louise, . Sea castle. Oklahoma: The Economy Company. 1986.

  • Place hold
  • Print
  • Cite
  • Add to your cart (remove)
  • Save record
    BIBTEX Dublin Core MARCXML MARC (non-Unicode/MARC-8) MARC (Unicode/UTF-8) MARC (Unicode/UTF-8, Standard) MODS (XML) RIS
  • More searches
    Search for this title in:
    Other Libraries (WorldCat) Other Databases (Google Scholar) Online Stores (Bookfinder.com) Open Library (openlibrary.org)

Exporting to Dublin Core...

SOUTHVILLE LIBRARY

Southville International School and Colleges Library

1281 Tropical Ave. Cor. Luxembourg St., BF Homes International, Las Pinas City

Tel. No. 8256374 / 252358 Loc. 117/146

Powered by Koha